000 02127nam a2200325 i 4500
999 _c65150
_d65150
001 768714001
003 CO-MdFUSB
005 20190826144341.0
008 190821t2016 sp |||| |||| 00| 0 spa d
020 _a9788429325645
040 _aCO-MdFUSB
_bspa
_cCO-MdFUSB
_dCO-MdFUSBC
_erda
041 _aspa
_heng
082 _223
_a230.082
_bJ66r
100 _aJohnson, Elizabeth A.
_eautor
240 _aAbounding in kindness. Writings for the people of God.
245 1 _aRico en misericordia:
_bteología al servicio del pueblo de Dios.
_c/ Elizabeth A. Johnson ; traducido por Isidro Arias Pérez.
250 _aSegunda edición.
264 1 _aCantabria, España :
_bSal Terrae,
_c[2016]
264 4 _c© 2016
300 _a330 páginas
_c; 23 cm
336 _2rdacontent
_atexto
_btxt
337 _2rdamedia
_asin mediación
_bn
338 _2rdacarrier
_avolumen
_bnc
490 _aPresencia teológica
505 _aPrimera parte: Pautas de la fe en un tiempo crítico: Transmitir la fe. -- Ateísmo y fe en un mundo secularizado. -- Cielo y tierra están llenos de tu gloria. -- Feminismo y decisión de compartir la fe. -- Vete a la tierra que te mostraré. -- Segunda parte: Gran Dios del cielo y de la tierra. -- Creativo dador de vida. -- Creación. -- Razones para utilizar los símbolos femeninos al hablar de Dios. -- El Dios de la vida en la teología feminista de la liberación. -- Terreno sagrado a la cabecera del enfermo. Tercera parte: La investigación sobre Jesús y la fe cristiana. -- Cristo murió por nosotros. -- Resurrección. -- La sabiduría se hizo carne y acampó entre nosotros. --Tortura. -- Jesús y las mujeres. -- Cuarta parte: Enciende en nosotros el fuego del amor divino. Temas sobre la Iglesia. -- Recordando al Espíritu Santo. -- Viniendo del frío. -- Interpretando la Escritura con ojos de mujer. -- Amigos de Dios y profetas. -- La comunión de los santos en un contexto cósmico. --Verdadera hermana nuestra. -- Corazones ardientes.
650 7 _9681
_aTeología feminista
700 _92251
_aArias Pérez, Isidro.
_etraductor
942 _cBK
945 _aJTF-925